|
|
|
|
| LEADER |
00000ny a22000003n 4500 |
| 005 |
20110621123329.0 |
| 008 |
091214s2007 pe 000 0 eng d |
| 035 |
|
|
|a 2238
|
| 040 |
|
|
|a BUS
|d vLex
|
| 090 |
|
|
|c 937
|d 937
|
| 100 |
1 |
|
|a Carbonell O'Brien, Esteban
|
| 245 |
1 |
0 |
|a Banca y suspensin̤ de pagos
|h [Recurso electrn̤ico]
|b Mecanismos alternativos de reingenieria legal /
|c Esteban Carbonell OâBrian
|
| 256 |
|
|
|a Servicio en ln̕ea
|
| 260 |
|
|
|a Per ︢:
|b Carbonell O'Brien Abogados,
|c 2007
|
| 300 |
|
|
|a p. ;
|c cm
|
| 506 |
1 |
|
|a Contenido solo disponible en los productos indicados
|d vLex Global
|d vLex Global (Academic Edition, excluding Law Schools)
|d vLex Global (U.S. Academic Edition, Law Schools)
|d vLex Global (U.S. Academic Edition, excluding Law Schools)
|d vLex Global (Academic Edition, Law Schools)
|
| 650 |
0 |
4 |
|a Personal
|x Suspensin̤
|x Derecho
|
| 740 |
0 |
|
|a vLex Libros (Servicios en ln̕ea)
|
| 856 |
4 |
0 |
|z Acceso restringido
|u http://vlex.com/source/2238
|
| 942 |
|
|
|c BOOK
|